[Event "Deutsche Ländermeisterschaft 2017"]
[Site "Hannover GER"]
[Date "2017.10.03"]
[Round "6"]
[White "Möller, Lisa-Marie"]
[Black "Reuter, Elisa"]
[Result "1-0"]
[Termination "normal"]
[Board "6.7"]
[WhiteElo "1838"]
[BlackElo "1910"]
[WhiteClock "00:28:14"]
[BlackClock "01:13:05"]
[WhiteTeam "Nordrhein-Westfalen"]
[BlackTeam "Thüringen"]
[PlyCount "95"]
[WhiteFideId "12959367"]
[BlackFideId "12995444"]
[EventCountry "GER"]
[EventRounds "7"]
[EventType "team-swiss"]
[EventDate "2017.09.29"]

1. e4 {[%clk 1:30:58]} c5 {[%clk 1:30:57]} 2. Nf3 {[%clk 1:31:22]} g6 {[%clk
1:31:24]} 3. d4 {[%clk 1:31:41]} cxd4 {[%clk 1:31:51]} 4. Nxd4 {[%clk 1:32:03]}
Bg7 {[%clk 1:32:18]} 5. c4 {[%clk 1:32:07]} Nc6 {[%clk 1:32:44]} 6. Nc2 {[%clk
1:30:25]} Nf6 {[%clk 1:32:51]} 7. Nc3 {[%clk 1:30:26]} O-O {[%clk 1:33:15]} 8.
Be3 {[%clk 1:29:59]} d6 {[%clk 1:32:27]} 9. f3 {[%clk 1:30:00]} Nd7 {[%clk
1:31:49]} 10. Qd2 {[%clk 1:29:13]} a5 {[%clk 1:31:52]} 11. Be2 {[%clk 1:22:23]}
a4 {[%clk 1:30:46]} 12. O-O {[%clk 1:19:34]} Nc5 {[%clk 1:30:49]} 13. Rfd1
{[%clk 1:16:11]} Be6 {[%clk 1:30:03]} 14. Rab1 {[%clk 1:12:42]} Qa5 {[%clk
1:28:16]} 15. Nd4 {[%clk 1:03:49]} Nxd4 {[%clk 1:26:40]} 16. Bxd4 {[%clk
1:04:00]} Bxd4+ {[%clk 1:26:54]} 17. Qxd4 {[%clk 1:04:14]} Rfc8 {[%clk
1:26:26]} 18. Nd5 {[%clk 0:55:43]} Bxd5 {[%clk 1:25:52]} 19. cxd5 {[%clk
0:55:49]} Nd7 {[%clk 1:25:33]} 20. Rdc1 {[%clk 0:53:57]} Qb6 {[%clk 1:25:07]}
21. Qxb6 {[%clk 0:52:48]} Nxb6 {[%clk 1:25:26]} 22. Rc3 {[%clk 0:49:42]} Kf8
{[%clk 1:21:21]} 23. Rbc1 {[%clk 0:46:51]} Rxc3 {[%clk 1:21:16]} 24. Rxc3
{[%clk 0:46:22]} Rc8 {[%clk 1:21:37]} 25. Rxc8+ {[%clk 0:44:42]} Nxc8 {[%clk
1:22:01]} 26. Bb5 {[%clk 0:43:41]} Nb6 {[%clk 1:22:17]} 27. Kf2 {[%clk
0:42:43]} e6 {[%clk 1:22:38]} 28. dxe6 {[%clk 0:42:16]} fxe6 {[%clk 1:23:03]}
29. Ke3 {[%clk 0:38:05]} Ke7 {[%clk 1:22:40]} 30. Kd4 {[%clk 0:36:10]} Kd8
{[%clk 1:21:30]} 31. f4 {[%clk 0:20:01]} Ke7 {[%clk 1:10:32]} 32. Kc3 d5 33. e5
{[%clk 0:18:07]} Kd8 {[%clk 1:09:35]} 34. Kb4 {[%clk 0:15:01]} Kc7 {[%clk
1:09:24]} 35. g4 {[%clk 0:12:29]} Nc8 {[%clk 1:05:15]} 36. Bxa4 {[%clk
0:11:15]} Nb6 {[%clk 1:01:09]} 37. Bb5 {[%clk 0:08:21]} d4 {[%clk 1:00:16]} 38.
Kc5 {[%clk 0:08:14]} d3 {[%clk 0:54:31]} 39. Bxd3 {[%clk 0:04:58]} Nd7+ {[%clk
0:47:39]} 40. Kd4 {[%clk 0:04:22]} b6 {[%clk 0:46:45]} 41. f5 {[%clk 0:03:33]}
Nf8 {[%clk 0:46:14]} 42. Ke4 {[%clk 0:01:25]} Nd7 {[%clk 0:44:36]} 43. b4
{[%clk 0:30:30]} gxf5+ {[%clk 1:13:20]} 44. gxf5 {[%clk 0:29:51]} exf5+ {[%clk
1:13:11]} 45. Kxf5 {[%clk 0:30:07]} Kd8 {[%clk 1:12:56]} 46. e6 {[%clk
0:29:50]} Nb8 {[%clk 1:12:49]} 47. Kf6 {[%clk 0:29:15]} Nc6 {[%clk 1:13:05]}
48. Bxh7 {[%clk 0:28:14]} 1-0

[Event "Deutsche Ländermeisterschaft 2017"]
[Site "Hannover GER"]
[Date "2017.10.03"]
[Round "6"]
[White "Schubert, Nikita"]
[Black "Bashylina, Luisa"]
[Result "1/2-1/2"]
[Termination "normal"]
[Board "6.8"]
[WhiteElo "1842"]
[BlackElo "1619"]
[WhiteClock "00:01:10"]
[BlackClock "00:33:49"]
[WhiteTeam "Thüringen"]
[BlackTeam "Nordrhein-Westfalen"]
[PlyCount "107"]
[WhiteFideId "16212339"]
[BlackFideId "12983292"]
[EventCountry "GER"]
[EventRounds "7"]
[EventType "team-swiss"]
[EventDate "2017.09.29"]

1. Nf3 {[%clk 1:30:57]} d6 {[%clk 1:30:31]} 2. d4 {[%clk 1:30:23]} Nf6 {[%clk
1:30:55]} 3. g3 {[%clk 1:30:46]} g6 {[%clk 1:31:20]} 4. Bg2 {[%clk 1:31:13]}
Bg7 {[%clk 1:31:45]} 5. O-O {[%clk 1:31:25]} O-O {[%clk 1:32:09]} 6. c4 {[%clk
1:31:53]} Nc6 {[%clk 1:32:11]} 7. Nc3 {[%clk 1:31:42]} e5 {[%clk 1:32:27]} 8.
d5 {[%clk 1:28:20]} Ne7 {[%clk 1:32:40]} 9. e4 {[%clk 1:27:14]} a5 {[%clk
1:31:50]} 10. Ne1 {[%clk 1:23:59]} Nd7 {[%clk 1:30:18]} 11. Nd3 {[%clk
1:24:23]} f5 {[%clk 1:30:18]} 12. Be3 {[%clk 1:14:38]} b6 {[%clk 1:26:59]} 13.
Qd2 {[%clk 1:10:43]} fxe4 {[%clk 1:23:54]} 14. Nxe4 {[%clk 1:08:50]} Nf5 {[%clk
1:23:56]} 15. Bg5 {[%clk 0:59:46]} Qe8 {[%clk 1:23:29]} 16. Rae1 {[%clk
0:56:21]} h6 {[%clk 1:21:30]} 17. Be3 {[%clk 0:55:18]} Nxe3 {[%clk 1:20:34]}
18. Rxe3 {[%clk 0:53:25]} Qd8 {[%clk 1:14:06]} 19. Rfe1 {[%clk 0:49:33]} g5
{[%clk 1:12:30]} 20. R3e2 {[%clk 0:46:07]} Nf6 {[%clk 1:10:52]} 21. Nxf6+
{[%clk 0:44:20]} Qxf6 {[%clk 1:09:53]} 22. Rf1 {[%clk 0:36:58]} Bf5 {[%clk
1:07:26]} 23. b3 {[%clk 0:32:12]} Qg6 {[%clk 1:06:37]} 24. Nc1 {[%clk 0:28:57]}
Rae8 {[%clk 1:03:41]} 25. Rfe1 {[%clk 0:26:57]} g4 {[%clk 0:57:01]} 26. Be4
{[%clk 0:21:40]} Bxe4 {[%clk 0:56:56]} 27. Rxe4 {[%clk 0:22:07]} h5 {[%clk
0:55:34]} 28. Qe2 {[%clk 0:15:37]} Bh6 {[%clk 0:54:30]} 29. Nd3 {[%clk
0:12:36]} Rd8 {[%clk 0:46:52]} 30. Rd1 {[%clk 0:11:50]} Rf7 {[%clk 0:45:47]}
31. Ne1 {[%clk 0:10:47]} Rdf8 {[%clk 0:45:54]} 32. Nd3 {[%clk 0:09:56]} Rf3
{[%clk 0:44:11]} 33. Rf1 {[%clk 0:07:00]} Qg5 {[%clk 0:36:38]} 34. Ne1 {[%clk
0:04:33]} R3f7 {[%clk 0:35:50]} 35. Ng2 {[%clk 0:04:07]} Qd2 {[%clk 0:32:48]}
36. Ne1 {[%clk 0:02:09]} Kg7 {[%clk 0:31:02]} 37. Qxd2 {[%clk 0:01:11]} Bxd2
{[%clk 0:31:20]} 38. Re2 {[%clk 0:01:24]} Bb4 {[%clk 0:29:29]} 39. Nc2 {[%clk
0:01:25]} Bc5 {[%clk 0:29:47]} 40. a3 {[%clk 0:01:18]} Rf3 {[%clk 0:26:36]} 41.
b4 {[%clk 0:27:57]} Bd4 {[%clk 0:56:18]} 42. Ne3 {[%clk 0:19:24]} axb4 {[%clk
0:54:24]} 43. axb4 {[%clk 0:19:04]} Ra8 {[%clk 0:53:38]} 44. Rc1 {[%clk
0:13:37]} Ra4 {[%clk 0:47:05]} 45. Rb1 {[%clk 0:10:19]} Bc3 {[%clk 0:46:02]}
46. Nc2 {[%clk 0:10:00]} Rd3 {[%clk 0:43:03]} 47. Rb3 {[%clk 0:07:51]} Rd2
{[%clk 0:41:54]} 48. Rxd2 {[%clk 0:07:18]} Bxd2 {[%clk 0:42:18]} 49. Ra3 {[%clk
0:05:20]} Rxa3 {[%clk 0:39:28]} 50. Nxa3 {[%clk 0:05:48]} Bxb4 {[%clk 0:39:17]}
51. Nb5 {[%clk 0:06:16]} Kf6 {[%clk 0:37:03]} 52. Kf1 {[%clk 0:03:49]} Kg5
{[%clk 0:33:49]} 53. Ke2 {[%clk 0:02:50]} h4 54. Nxc7 {[%clk 0:01:10]} 1/2-1/2

[Event "Deutsche Ländermeisterschaft 2017"]
[Site "Hannover GER"]
[Date "2017.10.03"]
[Round "6"]
[White "Wachinger, Nikolas"]
[Black "Focke, Adrian"]
[Result "1-0"]
[Termination "normal"]
[Board "7.1"]
[WhiteElo "2048"]
[BlackElo "1768"]
[WhiteTeam "Bremen"]
[BlackTeam "Mecklenburg-Vorpommern"]
[PlyCount "65"]
[WhiteFideId "12962791"]
[BlackFideId "12969869"]
[EventCountry "GER"]
[EventRounds "7"]
[EventType "team-swiss"]
[EventDate "2017.09.29"]

1. e4 c5 2. Nf3 e6 3. b3 Nc6 4. Bb2 d5 5. Bb5 Bd7 6. exd5 exd5 7. O-O Nf6 8.
Re1+ Be7 9. Qe2 h6 10. Bxf6 gxf6 11. Nc3 Be6 12. d4 a6 13. Bxc6+ bxc6 14. Na4
Qa5 15. dxc5 Bxc5 16. Nxc5 Qxc5 17. Rad1 O-O 18. Nd4 Bd7 19. Qh5 Rfe8 20. Qh4
Qc3 21. Rf1 Qc5 22. Qxf6 Qf8 23. Rd3 Re4 24. Rg3+ Kh7 25. Nf5 Bxf5 26. Qxf5+
Kh8 27. Qf6+ Kh7 28. Qxc6 Rae8 29. Qxd5 Re2 30. Qf5+ Kh8 31. Qf6+ Kh7 32. Qxa6
Rxc2 33. Qd3+ 1-0

[Event "Deutsche Ländermeisterschaft 2017"]
[Site "Hannover GER"]
[Date "2017.10.03"]
[Round "6"]
[White "Lange, Jannis"]
[Black "Colbow, Collin"]
[Result "1/2-1/2"]
[Termination "normal"]
[Board "7.2"]
[WhiteElo "1920"]
[BlackElo "2034"]
[WhiteTeam "Mecklenburg-Vorpommern"]
[BlackTeam "Bremen"]
[PlyCount "129"]
[WhiteFideId "12993107"]
[BlackFideId "16201132"]
[EventCountry "GER"]
[EventRounds "7"]
[EventType "team-swiss"]
[EventDate "2017.09.29"]

1. e4 e5 2. Nf3 Nc6 3. Nc3 Nf6 4. Bb5 Nd4 5. Ba4 Bc5 6. d3 Qe7 7. O-O c6 8. Bg5
h6 9. Bh4 g5 10. Bg3 Nxf3+ 11. Qxf3 b5 12. Bb3 d6 13. Qe2 Bg4 14. Qd2 Nh5 15.
Kh1 Nf4 16. f3 Be6 17. Bf2 Bxf2 18. Qxf2 O-O 19. Ne2 Nxe2 20. Qxe2 a5 21. c3 a4
22. Bxe6 fxe6 23. Rad1 Rab8 24. d4 exd4 25. Rxd4 e5 26. Rd3 Rfd8 27. Qd2 Rb7
28. Rd1 Rbd7 29. b3 axb3 30. axb3 Qe6 31. b4 d5 32. h3 d4 33. Qb2 Qc4 34. Qc2
Kf7 35. Rc1 Ke7 36. Kh2 dxc3 37. Rxc3 Qxb4 38. Rxc6 Rd2 39. Qc5+ Qxc5 40. R1xc5
Rb8 41. Rxe5+ Kd7 42. Ree6 h5 43. h4 gxh4 44. f4 b4 45. f5 b3 46. Rb6 Rxb6 47.
Rxb6 Re2 48. Rxb3 Rxe4 49. Rf3 Ke7 50. f6+ Kf7 51. Kh3 Rd4 52. Rf5 Ra4 53. Rxh5
Kxf6 54. Rxh4 Ra3+ 55. g3 Kg5 56. Rg4+ Kh5 57. Rg8 Ra4 58. g4+ Kh6 59. Kh4 Ra6
60. g5+ Kh7 61. Rb8 Kg6 62. Rb4 Rc6 63. Ra4 Rb6 64. Kg4 Rc6 65. Kf4 1/2-1/2

[Event "Deutsche Ländermeisterschaft 2017"]
[Site "Hannover GER"]
[Date "2017.10.03"]
[Round "6"]
[White "Silber, Kevin"]
[Black "Schumann, Rabea"]
[Result "1-0"]
[Termination "normal"]
[Board "7.3"]
[WhiteElo "1992"]
[BlackElo "1868"]
[WhiteTeam "Bremen"]
[BlackTeam "Mecklenburg-Vorpommern"]
[PlyCount "49"]
[WhiteFideId "12930440"]
[BlackFideId "12918199"]
[EventCountry "GER"]
[EventRounds "7"]
[EventType "team-swiss"]
[EventDate "2017.09.29"]

1. e4 c5 2. c4 Nc6 3. Ne2 e5 4. Nbc3 d6 5. d3 Be6 6. g3 Qd7 7. Bg2 Be7 8. Nd5
f5 9. f4 Nf6 10. O-O O-O 11. Qa4 Bxd5 12. cxd5 Nb4 13. Qb3 Qb5 14. fxe5 Nxe4
15. Nf4 c4 16. dxc4 Qb6+ 17. Be3 Nc5 18. Qc3 dxe5 19. Ne6 Rf7 20. a3 Nba6 21.
b4 Na4 22. Qb3 N4c5 23. Qc2 Nxb4 24. axb4 Qxb4 25. Rfb1 1-0

[Event "Deutsche Ländermeisterschaft 2017"]
[Site "Hannover GER"]
[Date "2017.10.03"]
[Round "6"]
[White "Fromm, Marius"]
[Black "Heldt, Nils-Lennart"]
[Result "1/2-1/2"]
[Termination "normal"]
[Board "7.4"]
[WhiteElo "1876"]
[BlackElo "2001"]
[WhiteTeam "Mecklenburg-Vorpommern"]
[BlackTeam "Bremen"]
[PlyCount "124"]
[WhiteFideId "12993190"]
[BlackFideId "12952109"]
[EventCountry "GER"]
[EventRounds "7"]
[EventType "team-swiss"]
[EventDate "2017.09.29"]

1. Nf3 Nf6 2. c4 e6 3. g3 b6 4. Bg2 Bb7 5. O-O Be7 6. b3 O-O 7. Bb2 d5 8. e3
Nbd7 9. Nc3 c5 10. Qc2 a6 11. Rfd1 Rc8 12. Rac1 Rc7 13. d4 Qa8 14. cxd5 Nxd5
15. dxc5 bxc5 16. Ne1 N7f6 17. Na4 Qa7 18. Nd3 Nd7 19. Ne5 N7b6 20. Nxb6 Nxb6
21. Bxb7 Qxb7 22. Nc4 Nxc4 23. Qxc4 Rfc8 24. Rc2 h5 25. h4 Rd7 26. Rcd2 Rxd2
27. Rxd2 a5 28. Bc3 Ra8 29. Qa4 Bf6 30. Bxf6 gxf6 31. Qc4 Qb4 32. Rc2 Qe1+ 33.
Kg2 Rd8 34. Rc1 Qd2 35. Qxc5 Qxa2 36. Qxh5 Qxb3 37. Qxa5 Qb7+ 38. Kg1 Rd5 39.
Qc3 Kg7 40. Qc4 Rf5 41. Qg4+ Kh7 42. Qe2 Kg7 43. Rd1 Rd5 44. Rc1 Rb5 45. Qd3
Rb2 46. Qd4 Rb4 47. Qc5 Rb1 48. Rxb1 Qxb1+ 49. Kh2 Qf1 50. e4 Qd1 51. Kg2 Qd3
52. Qe3 Qb1 53. g4 e5 54. Qf3 Qc1 55. Qf5 Qh6 56. h5 Qc1 57. Qf3 Qg5 58. Qe3
Qh4 59. h6+ Qxh6 60. Qxh6+ Kxh6 61. Kg3 Kg5 62. f4+ exf4+ 1/2-1/2

[Event "Deutsche Ländermeisterschaft 2017"]
[Site "Hannover GER"]
[Date "2017.10.03"]
[Round "6"]
[White "Petri, Ben-Luca"]
[Black "Troyke, Jannis"]
[Result "0-1"]
[Termination "normal"]
[Board "7.5"]
[WhiteElo "1744"]
[BlackElo "1937"]
[WhiteTeam "Bremen"]
[BlackTeam "Mecklenburg-Vorpommern"]
[PlyCount "120"]
[WhiteFideId "12947261"]
[BlackFideId "12993115"]
[EventCountry "GER"]
[EventRounds "7"]
[EventType "team-swiss"]
[EventDate "2017.09.29"]

1. e4 c5 2. c4 Nc6 3. Ne2 g6 4. d4 cxd4 5. Nxd4 Bg7 6. Be3 Nf6 7. Nc3 O-O 8.
Be2 d6 9. O-O Bd7 10. f3 Qb6 11. Qd2 Nxe4 12. Nxc6 Nxd2 13. Bxb6 Bxc6 14. Rfd1
Nxf3+ 15. gxf3 axb6 16. Rd3 Ra5 17. a3 b5 18. cxb5 Bxb5 19. Rd2 Bxe2 20. Rxe2
e6 21. Ne4 d5 22. Nf2 Rc8 23. Nd3 Ra6 24. Nb4 Rb6 25. Rd1 Bf8 26. Nd3 Rbc6 27.
Kf2 Bh6 28. Nb4 Rc1 29. Rxc1 Rxc1 30. Kg3 Kg7 31. Nd3 Rc4 32. h4 b6 33. Kh3 Rd4
34. Ne5 Rd2 35. Rxd2 Bxd2 36. a4 h5 37. Nd7 Ba5 38. b4 Bxb4 39. Nxb6 Ba5 40.
Nd7 f6 41. Nc5 Kf7 42. Nb3 Bb6 43. Kg2 Ke7 44. Kf1 Kd6 45. Ke2 g5 46. hxg5 fxg5
47. a5 Ba7 48. Kf1 Kc6 49. Kg2 Kb5 50. Nc1 Kxa5 51. Nd3 Bb8 52. Nc5 d4 53. Nxe6
d3 54. Kf2 Ba7+ 55. Ke1 Be3 56. Ng7 h4 57. Nf5 h3 58. Ng3 Bf4 59. Nh1 Kb4 60.
Kd1 Kc3 0-1

[Event "Deutsche Ländermeisterschaft 2017"]
[Site "Hannover GER"]
[Date "2017.10.03"]
[Round "6"]
[White "Duan, Muxi"]
[Black "Breß, Amy Charlize"]
[Result "1/2-1/2"]
[Termination "normal"]
[Board "7.7"]
[WhiteElo "1387"]
[BlackElo "1602"]
[WhiteTeam "Bremen"]
[BlackTeam "Mecklenburg-Vorpommern"]
[PlyCount "119"]
[WhiteFideId "12971960"]
[BlackFideId "16233786"]
[EventCountry "GER"]
[EventRounds "7"]
[EventType "team-swiss"]
[EventDate "2017.09.29"]

1. e4 c5 2. Nf3 e6 3. d4 cxd4 4. Nxd4 a6 5. Nc3 Qc7 6. a3 Nf6 7. Bg5 Be7 8. g3
h6 9. Be3 b5 10. Bg2 Bb7 11. O-O Nc6 12. Nb3 O-O 13. Qe2 d6 14. Rad1 Ne5 15.
Bc1 Nc4 16. Rd4 Nxa3 17. Rfd1 Nc4 18. Nd2 Ne5 19. Nf3 Nxf3+ 20. Bxf3 Rac8 21.
R1d2 Qc5 22. Nd1 e5 23. R4d3 Qc4 24. Ne3 Qc6 25. Nd5 Nxd5 26. exd5 Qb6 27. Rd1
b4 28. Kh1 a5 29. Be3 Qc7 30. R3d2 Qc4 31. Ra1 Qxe2 32. Bxe2 Ra8 33. Bb5 Rfc8
34. h4 g5 35. h5 f5 36. f4 exf4 37. gxf4 gxf4 38. Bxf4 Bg5 39. Rg1 Kh7 40. Bxg5
hxg5 41. Rxg5 Rc5 42. Bc6 Bxc6 43. dxc6 Rxc6 44. Rxf5 Ra7 45. b3 a4 46. bxa4
Rxa4 47. Kg2 Ra2 48. Rfd5 Rcxc2 49. Rxc2 Rxc2+ 50. Kf3 Rc6 51. Rb5 Rc5 52. Rxb4
Rxh5 53. Rb7+ Kg8 54. Rd7 Rd5 55. Ke4 Rd1 56. Kf5 Kf8 57. Ke6 Re1+ 58. Kxd6
Rd1+ 59. Kc7 Rxd7+ 60. Kxd7 1/2-1/2

[Event "Deutsche Ländermeisterschaft 2017"]
[Site "Hannover GER"]
[Date "2017.10.03"]
[Round "6"]
[White "Boes, Julian"]
[Black "Tiarks, Jann-Christian"]
[Result "0-1"]
[Termination "normal"]
[Board "8.1"]
[WhiteElo "2067"]
[BlackElo "2056"]
[WhiteTeam "Baden 2"]
[BlackTeam "Brandenburg"]
[PlyCount "92"]
[WhiteFideId "12907723"]
[BlackFideId "12951595"]
[EventCountry "GER"]
[EventRounds "7"]
[EventType "team-swiss"]
[EventDate "2017.09.29"]

1. e4 c5 2. b3 b6 3. Bb2 Bb7 4. Nc3 e6 5. Nf3 a6 6. Qe2 d6 7. O-O-O Nf6 8. d4
cxd4 9. Nxd4 Nbd7 10. g4 h6 11. Bg2 Qc7 12. Kb1 e5 13. Nf5 O-O-O 14. b4 b5 15.
Ne3 Nb6 16. Ncd5 Nfxd5 17. exd5 Be7 18. h4 Kb8 19. Be4 g5 20. h5 Bc8 21. Rd3
Bd7 22. Rc1 Rc8 23. f3 Rhd8 24. Ra3 Qb7 25. Rd3 f6 26. Ra3 Rc7 27. Bd3 Rdc8 28.
c4 bxc4 29. Nxc4 Nxc4 30. Bxc4 Bb5 31. Bxb5 axb5 32. Ra5 Rc4 33. Rxc4 Rxc4 34.
a3 Bd8 35. Qd3 Bxa5 36. bxa5 Qc7 37. Qg6 Rf4 38. Qe8+ Ka7 39. Qxb5 Rxf3 40. Qe2
Rb3 41. Ka2 Qb7 42. Qf2+ Ka8 43. Qc2 Rb5 44. a6 Qxa6 45. Qc7 Qb7 46. Qd8+ Qb8
0-1

[Event "Deutsche Ländermeisterschaft 2017"]
[Site "Hannover GER"]
[Date "2017.10.03"]
[Round "6"]
[White "Teichert, Felix"]
[Black "Hund, Sarah"]
[Result "1/2-1/2"]
[Termination "normal"]
[Board "8.2"]
[WhiteElo "2019"]
[BlackElo "2005"]
[WhiteTeam "Brandenburg"]
[BlackTeam "Baden 2"]
[PlyCount "43"]
[WhiteFideId "12987670"]
[BlackFideId "12923338"]
[EventCountry "GER"]
[EventRounds "7"]
[EventType "team-swiss"]
[EventDate "2017.09.29"]

1. d4 Nf6 2. c4 e6 3. Nf3 Bb4+ 4. Bd2 Qe7 5. Nc3 O-O 6. e3 d6 7. a3 Bxc3 8.
Bxc3 Ne4 9. Bd3 Nxc3 10. bxc3 e5 11. Qc2 f5 12. Nd2 Nc6 13. O-O-O Bd7 14. g4 e4
15. Be2 Na5 16. gxf5 Bxf5 17. h4 d5 18. Qa2 dxc4 19. Nxc4 Nxc4 20. Bxc4+ Kh8
21. Rdg1 Rf6 22. Rg5 1/2-1/2

[Event "Deutsche Ländermeisterschaft 2017"]
[Site "Hannover GER"]
[Date "2017.10.03"]
[Round "6"]
[White "Wiesner, Alexander"]
[Black "Woithe, Daniel"]
[Result "1/2-1/2"]
[Termination "normal"]
[Board "8.3"]
[WhiteElo "1935"]
[BlackElo "1793"]
[WhiteTeam "Baden 2"]
[BlackTeam "Brandenburg"]
[PlyCount "42"]
[WhiteFideId "12943991"]
[BlackFideId "16244648"]
[EventCountry "GER"]
[EventRounds "7"]
[EventType "team-swiss"]
[EventDate "2017.09.29"]

1. d4 d5 2. c4 e6 3. Nc3 c5 4. e3 Nf6 5. Nf3 a6 6. Bd3 dxc4 7. Bxc4 b5 8. Bb3
Bb7 9. O-O Nbd7 10. Qe2 Be7 11. Rd1 Qc7 12. d5 exd5 13. Nxd5 Nxd5 14. Bxd5 Bxd5
15. Rxd5 O-O 16. e4 Nb6 17. Rd3 c4 18. Rd1 Rfd8 19. Be3 Bc5 20. Bg5 Be7 21. Be3
Bc5 1/2-1/2

[Event "Deutsche Ländermeisterschaft 2017"]
[Site "Hannover GER"]
[Date "2017.10.03"]
[Round "6"]
[White "Eue, Vicky"]
[Black "Wu, Luka"]
[Result "0-1"]
[Termination "normal"]
[Board "8.4"]
[WhiteElo "1654"]
[BlackElo "1902"]
[WhiteTeam "Brandenburg"]
[BlackTeam "Baden 2"]
[PlyCount "68"]
[WhiteFideId "12945838"]
[BlackFideId "12977420"]
[EventCountry "GER"]
[EventRounds "7"]
[EventType "team-swiss"]
[EventDate "2017.09.29"]

1. e4 c5 2. Nf3 d6 3. d4 cxd4 4. Nxd4 Nf6 5. Nc3 a6 6. Bc4 e6 7. Be3 Be7 8. f3
b5 9. Bb3 O-O 10. Qd2 Bb7 11. g4 Nbd7 12. g5 Nh5 13. a3 Nb6 14. Rg1 g6 15. Nxe6
fxe6 16. Bxe6+ Rf7 17. Bxf7+ Kxf7 18. O-O-O Kg8 19. Qe2 Nc4 20. f4 Ng7 21. h4
Qd7 22. Bd4 Bf8 23. Bf6 Qh3 24. e5 dxe5 25. fxe5 Bc5 26. Rd3 Qxh4 27. Rgd1 Ne6
28. Rd7 Bc6 29. Rd8+ Rxd8 30. Rxd8+ Nxd8 31. e6 Be3+ 32. Kb1 Nxe6 33. Qd3 Qe1+
34. Ka2 Qd2 0-1

[Event "Deutsche Ländermeisterschaft 2017"]
[Site "Hannover GER"]
[Date "2017.10.03"]
[Round "6"]
[White "Riegel, Arinna"]
[Black "Gericke, Luis"]
[Result "1-0"]
[Termination "normal"]
[Board "8.5"]
[WhiteElo "1918"]
[BlackElo "1517"]
[WhiteTeam "Baden 2"]
[BlackTeam "Brandenburg"]
[PlyCount "89"]
[WhiteFideId "12931446"]
[BlackFideId "16212525"]
[EventCountry "GER"]
[EventRounds "7"]
[EventType "team-swiss"]
[EventDate "2017.09.29"]

1. Nf3 d5 2. g3 Nf6 3. Bg2 c5 4. d4 cxd4 5. Nxd4 e5 6. Nb3 Nc6 7. Bg5 d4 8. c3
dxc3 9. Qxd8+ Nxd8 10. Nxc3 Be7 11. O-O Ne6 12. Bd2 O-O 13. Rac1 Rb8 14. Be3 b6
15. Nb5 a6 16. Na7 Bd7 17. Nc6 Bxc6 18. Rxc6 Rfc8 19. Rfc1 Rxc6 20. Rxc6 Nd7
21. Bh3 Nec5 22. Bxd7 Nxd7 23. Rc7 Rd8 24. Bxb6 Nxb6 25. Rxe7 Nc4 26. Ra7 Nxb2
27. Rxa6 f6 28. Ra7 h5 29. Kg2 g5 30. a4 Rb8 31. Nc5 Rc8 32. Ne4 Rc6 33. a5 g4
34. a6 f5 35. Ng5 Na4 36. Ra8+ Kg7 37. a7 Ra6 38. Ne6+ Kh7 39. Nc7 Ra5 40. Nb5
Nb6 41. Rb8 h4 42. gxh4 Nd5 43. a8=Q Nf4+ 44. Kf1 Rxa8 45. Rxa8 1-0

[Event "Deutsche Ländermeisterschaft 2017"]
[Site "Hannover GER"]
[Date "2017.10.03"]
[Round "6"]
[White "Schiewe, Nadin"]
[Black "Lohrmann, Tabea"]
[Result "0-1"]
[Termination "normal"]
[Board "8.6"]
[WhiteElo "1422"]
[BlackElo "1708"]
[WhiteTeam "Brandenburg"]
[BlackTeam "Baden 2"]
[PlyCount "52"]
[WhiteFideId "16209079"]
[BlackFideId "12911941"]
[EventCountry "GER"]
[EventRounds "7"]
[EventType "team-swiss"]
[EventDate "2017.09.29"]

1. d4 d5 2. Nf3 Nf6 3. e3 e6 4. Bd3 c5 5. c3 Bd6 6. Ne5 O-O 7. f4 Ne4 8. O-O
Nd7 9. g4 f6 10. Nxd7 Bxd7 11. Nd2 Nxd2 12. Bxd2 c4 13. Bc2 e5 14. fxe5 fxe5
15. Rxf8+ Qxf8 16. e4 Qf6 17. Be3 exd4 18. Bxd4 Qf4 19. exd5 Bxg4 20. Bxh7+
Kxh7 21. Qc2+ g6 22. Rf1 Bf3 23. Rf2 Re8 24. Kf1 Bg2+ 25. Kxg2 Qxh2+ 26. Kf3
Qg3# 0-1

[Event "Deutsche Ländermeisterschaft 2017"]
[Site "Hannover GER"]
[Date "2017.10.03"]
[Round "6"]
[White "Doll, Rebecca"]
[Black "Jungandreas, Tillmann"]
[Result "0-1"]
[Termination "normal"]
[Board "8.7"]
[WhiteElo "1589"]
[BlackElo "1479"]
[WhiteTeam "Baden 2"]
[BlackTeam "Brandenburg"]
[PlyCount "106"]
[WhiteFideId "16236890"]
[BlackFideId "16244664"]
[EventCountry "GER"]
[EventRounds "7"]
[EventType "team-swiss"]
[EventDate "2017.09.29"]

1. e4 e5 2. Nf3 Nc6 3. Bc4 Bc5 4. c3 Nf6 5. d3 d6 6. Bb3 O-O 7. O-O Bg4 8. h3
Bh5 9. Re1 h6 10. Nbd2 Re8 11. Nf1 Qd7 12. Ng3 Bg6 13. Nh4 Bh7 14. Nhf5 Ne7 15.
Qf3 Nxf5 16. Nxf5 Bxf5 17. exf5 c6 18. Bd2 d5 19. Rad1 Rad8 20. Bc2 Qc7 21. Qg3
Kh7 22. d4 Bd6 23. dxe5 Rxe5 24. Qh4 Rde8 25. Rxe5 Rxe5 26. Bxh6 gxh6 27. Qxf6
Re2 28. Bb3 Bc5 29. Rf1 Rxb2 30. c4 Rd2 31. Qc3 Qf4 32. Qf3 Qxf3 33. gxf3 Kg7
34. cxd5 cxd5 35. Rd1 Bxf2+ 36. Kg2 Rxd1 37. Bxd1 Be3 38. Be2 Kf6 39. Bd3 Ke5
40. Kf1 Kd4 41. Ke2 Bg5 42. a4 Kc3 43. Bb5 a6 44. Bd3 f6 45. Bb1 b5 46. a5 d4
47. Be4 Kb4 48. Bb7 Kxa5 49. Kd3 Be3 50. Ke2 b4 51. Kd3 b3 52. Bd5 Kb4 53. h4
Ka3 0-1

[Event "Deutsche Ländermeisterschaft 2017"]
[Site "Hannover GER"]
[Date "2017.10.03"]
[Round "6"]
[White "Gehrke, Gina Celina"]
[Black "Stillbauer, Jan"]
[Result "1/2-1/2"]
[Termination "normal"]
[Board "8.8"]
[WhiteElo "1415"]
[BlackElo "1570"]
[WhiteTeam "Brandenburg"]
[BlackTeam "Baden 2"]
[PlyCount "44"]
[WhiteFideId "16205979"]
[BlackFideId "16239393"]
[EventCountry "GER"]
[EventRounds "7"]
[EventType "team-swiss"]
[EventDate "2017.09.29"]

1. d4 d5 2. e3 Nf6 3. Bd3 c5 4. c3 Nc6 5. f4 Bg4 6. Nf3 e6 7. Nbd2 Bd6 8. O-O
Bf5 9. Bxf5 exf5 10. Ne5 O-O 11. Rf3 Re8 12. Rh3 g6 13. Qe1 Nd7 14. Qg3 Nf8 15.
Ndf3 f6 16. Nxc6 bxc6 17. Nh4 Qd7 18. Nf3 c4 19. Qh4 a5 20. Qf2 a4 21. a3 Rab8
22. Ne1 Rb7 1/2-1/2

[Event "Deutsche Ländermeisterschaft 2017"]
[Site "Hannover GER"]
[Date "2017.10.03"]
[Round "6"]
[White "Pfreundt, Jakob"]
[Black "Recktenwald, Cedric"]
[Result "1-0"]
[Termination "normal"]
[Board "9.1"]
[WhiteElo "2388"]
[BlackElo "1745"]
[WhiteTeam "Hamburg"]
[BlackTeam "Saarland"]
[PlyCount "91"]
[WhiteFideId "12918156"]
[BlackFideId "12971928"]
[EventCountry "GER"]
[EventRounds "7"]
[EventType "team-swiss"]
[EventDate "2017.09.29"]

1. Nf3 Nf6 2. c4 e6 3. Nc3 b6 4. g3 Bb7 5. Bg2 Be7 6. O-O O-O 7. d4 Ne4 8. Bd2
d5 9. cxd5 exd5 10. Rc1 c5 11. dxc5 Nxc3 12. Bxc3 bxc5 13. Ne5 Bf6 14. Qb3 Qe7
15. Bxd5 Bxd5 16. Qxd5 Na6 17. Rfd1 Nb4 18. Bxb4 cxb4 19. Nd7 Rfd8 20. Rc2 g6
21. Rcd2 Bg7 22. e4 Kh8 23. e5 Re8 24. f4 Red8 25. Qd6 Qxd6 26. Rxd6 a5 27. Kg2
Ra7 28. Nb6 Rf8 29. Rc1 Kg8 30. Kf3 h5 31. Nd5 Rfa8 32. Ke4 Bf8 33. Nf6+ Kg7
34. Rd7 Rxd7 35. Nxd7 Be7 36. Nb6 Ra7 37. Nd5 Bd8 38. Rc8 Rd7 39. Rc6 Kf8 40.
h3 Kg7 41. g4 hxg4 42. hxg4 Kh6 43. Ra6 Kg7 44. f5 gxf5+ 45. gxf5 Kf8 46. Ra8
1-0